000 00272nam a22001097a 4500
082 _a100
100 _aOSHO
_918534
245 _aOSHO THE SUPREME DOCTRINE Talks on the Kenopanishad
260 _aMumbai
_bJaico Publishing House
_c2023
650 _aPhilosophy
942 _cBK
999 _c67412
_d67412